[Event "POR-chT"]
[Site "Porto"]
[Date "2012.07.26"]
[Round "6.5"]
[White "Pereira, Ruben Miguel Nunes"]
[Black "Sousa, Ricardo Miguel Mora"]
[Result "1-0"]
[WhiteElo "2417"]
[BlackElo "2101"]
[PlyCount "51"]
[EventDate "2012.07.21"]
[EventType "team-tourn"]
[EventRounds "9"]
[EventCountry "POR"]
[SourceTitle "CBM 149 Extra"]
[Source "ChessBase"]
[SourceDate "2012.08.24"]
[SourceVersion "1"]
[SourceVersionDate "2012.08.24"]
[SourceQuality "1"]
[WhiteTeam "Gaia"]
[BlackTeam "Santoantoniense"]
[WhiteTeamCountry "POR"]
[BlackTeamCountry "POR"]

1. e3 Nf6 2. b3 g6 3. Bb2 Bg7 4. c4 0-0 5. Nc3 d6 6. d4 Nbd7 7. Nf3 e5 8. Be2 e4 9. Nd2 Re8 10. Qc2 Qe7 11. 0-0 c6 12. b4 Nf8 13. a4 h5 14. a5 N8h7 15. b5 Bf5 16. a6 bxa6 17. bxc6 Ng4 18. Ba3 Rad8 19. Nd5 Qh4 20. Bxg4 hxg4 21. c7 Rd7 22. Rab1 Ng5 23. Rb8 Nf3+ 24. Nxf3 gxf3 25. Rxe8+ Kh7 26. g3 1-0

[Event "POR-chT"]
[Site "Porto"]
[Date "2012.07.22"]
[Round "2.4"]
[White "Neves, Pedro Alexandre Mai"]
[Black "Pereira, Ruben Miguel Nunes"]
[Result "0-1"]
[WhiteElo "2244"]
[BlackElo "2417"]
[PlyCount "61"]
[EventDate "2012.07.21"]
[EventType "team-tourn"]
[EventRounds "9"]
[EventCountry "POR"]
[SourceTitle "CBM 149 Extra"]
[Source "ChessBase"]
[SourceDate "2012.08.24"]
[SourceVersion "1"]
[SourceVersionDate "2012.08.24"]
[SourceQuality "1"]
[WhiteTeam "Montemor o Velho"]
[BlackTeam "Gaia"]
[WhiteTeamCountry "POR"]
[BlackTeamCountry "POR"]

1. Nf3 c5 2. g3 Nc6 3. c4 Nf6 4. Nc3 d5 5. cxd5 Nxd5 6. d3 Nxc3 7. bxc3 g6 8. Bd2 Bg7 9. Bg2 0-0 10. 0-0 Bf5 11. Ng5 Qd7 12. Qb3 h6 13. Nf3 b6 14. Rfd1 Rac8 15. Rac1 c4 16. Qa3 cxd3 17. Be3 Rfd8 18. exd3 e5 19. Ne1 Na5 20. Qb2 Bg4 21. Rd2 Qa4 22. Qc2 Qe8 23. h3 Bf5 24. Qd1 Bd7 25. Kh2 Bc6 26. Bxc6 Qxc6 27. f3 f5 28. Qe2 Kh7 29. Rdd1 Rd7 30. Qg2 Rcd8 31. Rd2 0-1